| 000 | 00606nam a22001457a 4500 | ||
|---|---|---|---|
| 003 | macl | ||
| 005 | 20180410150408.0 | ||
| 008 | 180410b xxu||||| |||| 00| 0 eng d | ||
| 040 | _cmacl | ||
| 100 |
_aप्रवीणपण्डया _971930 |
||
| 245 | _aअभिनवकाव्यालंकारसूत्रम् सालोचनं विमर्श | ||
| 260 |
_aजयपुर _bराष्ट्रीय संस्क़ति साहित्य केन्द्र _c2014 |
||
| 650 |
_aकाव्य समीक्षा _948818 |
||
| 942 |
_2ddc _cHIN |
||
| 999 |
_c57649 _d57649 |
||